00406nam a2200121Ia 4500008004100000082001600041100003600057245004600093300002100139942000700160999001900167952009800186230907s9999||||xx |||||||||||||| ||und|| a658.26bBHA aBhattacharjee, Kaushik,9115794 0aIndustrial energy management strategies : axii, 294 pages : cBK c599565d599565 00104070aCAS-EbCAS-Ed2019-10-07l0o658.26 BHApCAS-E0003664r2023-09-12w2023-09-12yBK